Peril to the nerve (Record no. 85911)
[ view plain ]
| 000 -LEADER | |
|---|---|
| fixed length control field | 01552nam a2200349Ia 4500 |
| 082 04 - DEWEY DECIMAL CLASSIFICATION NUMBER | |
| Classification number | 617.7/41 |
| 245 10 - TITLE STATEMENT | |
| Title | Peril to the nerve |
| 260 ## - PUBLICATION, DISTRIBUTION, ETC. (IMPRINT) | |
| Place of publication | The Hague ; |
| -- | New York : |
| Name of publisher | Kugler Publications, |
| Year of publication | c1998. |
| 300 ## - PHYSICAL DESCRIPTION | |
| Number of Pages | xiii, 281 p. : |
| Other physical details | ill. (some col.) |
| 650 #0 - SUBJECT ADDED ENTRY--TOPICAL TERM | |
| Topical Term | Glaucoma |
| Topical Term | Neuroophthalmology |
| 700 1# - ADDED ENTRY--PERSONAL NAME | |
| Personal name | Calkwood, Jonathan C. |
| Personal name | Leader, Barry J. |
| 856 40 - ELECTRONIC LOCATION AND ACCESS | |
| Uniform Resource Identifier | http://site.ebrary.com/lib/rucke/Doc?id=10579773 |
No items available.
